000 00315nam a22001217a 4500
008 240615b |||||||| |||| 00| 0 eng d
020 _a0-07-463602-0
100 _aGeorge Kennedy & Davis Bernard
245 _aElectronic Communication Systems
260 _aNew Delhi
_bTMT
_c1999
300 _a763
942 _2ddc
_cBK
999 _c20724
_d20724